Back to the Future of Fashion: Circularity and Consumer Ethics
Práca skúma hlavné faktory ovplyvňujúce prijatie praktík obehového hospodárstva v módnom priemysle so zameraním na udržateľné a etické správanie spotrebiteľov v digitálnej ére a budúce trendy v angažovanosti mladých dospelých.
Enregistré dans:
| Auteur principal: | |
|---|---|
| Autres auteurs: | , |
| Format: | Chapitre de livre |
| Langue: | anglais |
| Sujets: | |
| Tags: |
Pas de tags, Soyez le premier à ajouter un tag!
|
MARC
| LEADER | 00000naa a2200000 4500 | ||
|---|---|---|---|
| 001 | 0314679 | ||
| 005 | 20260202122253.1 | ||
| 041 | 0 | |a eng | |
| 044 | |a CZ | ||
| 245 | 1 | 0 | |a Back to the Future of Fashion: Circularity and Consumer Ethics |c Isabel Novo-Corti, Matias Membiela-Pollan, Diana M. Tirca |
| 520 | |a Práca skúma hlavné faktory ovplyvňujúce prijatie praktík obehového hospodárstva v módnom priemysle so zameraním na udržateľné a etické správanie spotrebiteľov v digitálnej ére a budúce trendy v angažovanosti mladých dospelých. | ||
| 610 | 2 | 0 | |a priemysel odevný |
| 610 | 2 | 0 | |a priemysel textilný |
| 610 | 2 | 0 | |a udržateľnosť |
| 610 | 2 | 0 | |a hospodárstvo obehové |
| 610 | 2 | 0 | |a etika |
| 610 | 2 | 0 | |a správanie spotrebiteľa |
| 100 | 1 | |a Novo-Corti, Isabel | |
| 700 | 1 | |a Membiela-Pollan, Matias | |
| 700 | 1 | |a Tirca, Diana M. | |